Normal view
MARC view
- World War, 1939-1945
Entry Topical Term
001 - CONTROL NUMBER
- control field: 12967
003 - CONTROL NUMBER IDENTIFIER
- control field: NUST
005 - DATE AND TIME OF LATEST TRANSACTION
- control field: 20190104064747.0
008 - FIXED-LENGTH DATA ELEMENTS
- fixed length control field: 190104|| aca||aabn | a|a d
040 ## - CATALOGING SOURCE
- Original cataloging agency: NUST
- Transcribing agency: NUST
150 ## - HEADING--TOPICAL TERM
- Topical term or geographic name entry element: World War, 1939-1945
- General subdivision: Campaigns
- Geographic subdivision: Eastern Front.
670 ## - SOURCE DATA FOUND
- Source citation: Work cat.: (NUST)0: Chuĭkov, V. I. (Vasiliĭ Ivanovich), 1900-1982. 12965, The end of the Third Reich /, 1978.
